000 00729nam a22002057a 4500
005 2010072708008.0
010 _aENG-97132
020 _a938006084x
_c60.00
020 _a9789380060842
_c60.00
035 _aEN-80665
037 _bDBAD/PUB
082 _a005.3
100 _aYazhini, J.
_93018
245 _aOffice automation /
_cby J. Yazhini
260 _aSalem
_bMSK Publications
_c2008
270 _a2/101, Kuyavankadu, Masinayagan Patti-post Ayathiya pattinam
_bSalem
_e636103
300 _a124p. :
_bill.
_c20cm (pbk)
942 _2ddc
_cEN
_h005.3
_mYAZ
999 _c37919
_d37919